| 000 | 00946 a2200229 4500 | ||
|---|---|---|---|
| 001 | 52865 | ||
| 005 | 20260407155803.0 | ||
| 008 | 260407a2020 arg spa d | ||
| 003 | AR-UNSa-BCEJYS | ||
| 040 |
_aAR-UNSa-BCEJYS _bspa _cAR-UNSa-BCEJYS |
||
| 080 |
_a342(09) _xHistoria Constitucional |
||
| 245 | 1 | 0 |
_aLegitimidad democrática y valor del voto en Salta _pdesde el derecho a la igualdad estudio sobre el sistema de voto calificado que discrimina a ciudadanos sub-representados, genera mayorías legislativas artificiales e impide la aplicación de la Ley de paridad de género |
| 020 | _a978-987-698-316-7 | ||
| 250 | _a2a. ed. | ||
| 264 | 1 |
_aSalta : _bMundo Gráfico Salta _c2020 |
|
| 300 |
_a155 p. _c22 cm. |
||
| 041 | _aspa | ||
| 942 | _cBK | ||
| 590 | _aniveau_biblio:m niveau_hierar:0 | ||
| 100 | 1 | _aGómez Diez, Ricardo | |
| 856 | 4 | 1 |
_uhttps://www.biblioeco.unsa.edu.ar/pmb/images/libros/L128272.jpg _yImagen de portada _qimage/jpeg |
| 999 |
_c5011 _d5011 |
||